Countries in the Caribbean Without a Map - Statistics

General Stats
  • This quiz has been taken 50 times
  • The average score is 12 of 13
Answer Stats
Answer % Correct
Barbados
98%
Jamaica
98%
Antigua and Barbuda
95%
Dominica
95%
Saint Lucia
95%
Bahamas
93%
Cuba
93%
Haiti
93%
Saint Kitts and Nevis
93%
Dominican Republic
91%
Saint Vincent and the Grenadines
89%
Grenada
82%
Trinidad and Tobago
82%
No matching quizzes found
Score Distribution
Percent of People with Each Score
Percentile by Number Answered
Your Score History
You have not taken this quiz